The Oxford Solid State Basics /

Gespeichert in:
Bibliographische Detailangaben
1. Verfasser: Simon, Steven H. (Verfasst von)
Format: Buch
Sprache:Englisch
Veröffentlicht: Oxford : Oxford University Press, 2017
Tags: Tag hinzufügen
Keine Tags, Fügen Sie das erste Tag hinzu!

MARC

LEADER 00000nam a22000003a 4500
001 0071778
003 SK-STU
005 20190218135036.1
007 ta
008 190218s ----xo-----e------000-0-----d
020 |a 978-0-19-968077-1 
040 |a STU  |b slo 
041 0 |a eng 
044 |a xxk 
080 |a 53 
100 1 |a Simon, Steven H.  |4 aut  |r Z6 
245 1 0 |a The Oxford Solid State Basics /  |c aut. Steven H Simon 
260 |a Oxford :  |b Oxford University Press,  |c 2017 
300 |a 291 s. 
996 |b 284EK90001  |c E* 90001  |l EE36  |s P  |a 0  |w 0071778_0001